[Event "Campeonato de Aragon por Equipos 2023 -"]
[Site "Aragon"]
[Date "2023.01.28"]
[Round "1.1"]
[White "Adla, Diego"]
[Black "Romero Pallares, Daniel"]
[Result "0-1"]
[WhiteElo "2400"]
[BlackElo "2280"]
[PlyCount "76"]
[EventDate "2023.01.28"]
[WhiteTeam "MyInvestor Casablanca"]
[BlackTeam "Palacio De Pioneros A"]

1. Nf3 Nf6 2. c4 g6 3. g3 Bg7 4. Bg2 O-O 5. O-O d6 6. Nc3 c6 7. d3 e5 8. Rb1 a5
9. a3 h6 10. b4 axb4 11. axb4 Be6 12. c5 dxc5 13. bxc5 Nbd7 14. Bd2 Qc7 15. Na4
Ra6 16. Qc2 Rfa8 17. Nb6 Nxb6 18. cxb6 Rxb6 19. Rxb6 Qxb6 20. Nxe5 Ra2 21. Qc1
Ng4 22. Nxg4 Bxg4 23. Qc4 Be6 24. Qf4 Qb2 25. Be3 Ra1 26. h4 Rxf1+ 27. Bxf1 Qb1
28. Kg2 h5 29. Bc5 b5 30. e4 Bh3+ 31. Kxh3 Qxf1+ 32. Kh2 Qxd3 33. Qb8+ Kh7 34.
Qe8 Qc4 35. Qe7 Qe6 36. Qa7 Bc3 37. f3 Qc4 38. Kg2 b4 0-1

[Event "Campeonato de Aragon por Equipos 2023 -"]
[Site "Aragon"]
[Date "2023.01.28"]
[Round "1.2"]
[White "Palacios Herrero, Pablo"]
[Black "Glavina, Pablo"]
[Result "0-1"]
[WhiteElo "2198"]
[BlackElo "2408"]
[PlyCount "82"]
[EventDate "2023.01.28"]
[WhiteTeam "Palacio De Pioneros A"]
[BlackTeam "MyInvestor Casablanca"]

1. e4 Nf6 2. e5 Nd5 3. d4 d6 4. Nf3 Bg4 5. exd6 exd6 6. Be2 Be7 7. O-O O-O 8.
Re1 c5 9. a4 Nc6 10. Ra3 Ndb4 11. c3 Nd5 12. Qb3 Be6 13. Qd1 Bf5 14. Bd3 Bxd3
15. Qxd3 Bf6 16. dxc5 dxc5 17. Nbd2 Nf4 18. Qc2 Qd3 19. Qxd3 Nxd3 20. Rd1 Rfe8
21. Kf1 Rad8 22. g3 Na5 23. Ra1 c4 24. Rb1 Nc5 25. Re1 Nxa4 26. Ne4 Be7 27. Be3
b6 28. Nd4 Nc5 29. Nxc5 Bxc5 30. Nf5 Bxe3 31. Nxe3 Kf8 32. Ra1 Rd2 33. Re2 Red8
34. Ra4 Rxe2 35. Kxe2 Rc8 36. Kf3 Ke7 37. Ke4 Ke6 38. f4 g6 39. g4 Kd6 40. Kd4
Nb3+ 41. Ke4 Nc5+ 0-1

[Event "Campeonato de Aragon por Equipos 2023 -"]
[Site "Aragon"]
[Date "2023.01.28"]
[Round "1.3"]
[White "Quintin Navarro, Alberto"]
[Black "Lacruz Algarate, Alvaro"]
[Result "1-0"]
[WhiteElo "2373"]
[BlackElo "2113"]
[PlyCount "85"]
[EventDate "2023.01.28"]
[WhiteTeam "MyInvestor Casablanca"]
[BlackTeam "Palacio De Pioneros A"]

1. d4 Nf6 2. Nf3 e6 3. c4 d5 4. g3 Be7 5. Bg2 O-O 6. O-O Nbd7 7. Qc2 Re8 8. Rd1
c6 9. Nc3 b6 10. e4 dxe4 11. Nxe4 Nxe4 12. Qxe4 Bb7 13. Bf4 Nf6 14. Qc2 Bd6 15.
Ne5 Qc7 16. Qe2 Nd7 17. c5 Bxe5 18. Bxe5 Nxe5 19. dxe5 bxc5 20. Rd6 Rad8 21.
Rad1 Qa5 22. Qc4 Rb8 23. a3 Ba6 24. Qc2 c4 25. Bxc6 Rf8 26. Be4 g6 27. R1d2 Bb7
28. Bxb7 Rxb7 29. Qe4 Rb5 30. Qxc4 Rxe5 31. Rd7 Re1+ 32. Kg2 Ra1 33. Re2 Qf5
34. Rxa7 Qb1 35. Rd2 Qh1+ 36. Kh3 Re1 37. Ra5 f5 38. Ra7 Re4 39. Rdd7 Rh4+ 40.
Kxh4 Qxh2+ 41. Kg5 Qh5+ 42. Kf4 g5+ 43. Ke5 1-0

[Event "Campeonato de Aragon por Equipos 2023 -"]
[Site "Aragon"]
[Date "2023.01.28"]
[Round "1.4"]
[White "Dan, Teodor"]
[Black "Vela Frago, Alberto"]
[Result "1/2-1/2"]
[WhiteElo "2045"]
[BlackElo "2213"]
[PlyCount "117"]
[EventDate "2023.01.28"]
[WhiteTeam "Palacio De Pioneros A"]
[BlackTeam "MyInvestor Casablanca"]

1. d4 Nf6 2. c4 e6 3. Nc3 Bb4 4. Qc2 O-O 5. a3 Bxc3+ 6. Qxc3 b6 7. Bg5 Bb7 8.
Nf3 d6 9. Nd2 Nbd7 10. f3 c5 11. e4 h6 12. Be3 cxd4 13. Qxd4 Qc7 14. Be2 d5 15.
exd5 exd5 16. O-O Rfe8 17. Rfe1 Rad8 18. Rad1 Ne5 19. c5 Nc6 20. Qd3 d4 21.
cxb6 axb6 22. Bf2 Ne5 23. Qb3 Ng6 24. Bf1 Rxe1 25. Rxe1 Rd5 26. Qc4 Qd7 27. Nb3
Ne5 28. Qb4 d3 29. Nd2 b5 30. h3 Bc6 31. Qc3 Ng6 32. h4 Nf4 33. Nb3 Bb7 34. Nd4
Ne6 35. Nxe6 fxe6 36. Rd1 Nh5 37. Rxd3 Nf4 38. Rxd5 Qxd5 39. Bg3 e5 40. Qe3 g5
41. Bf2 Bc6 42. hxg5 hxg5 43. Bg3 Kf7 44. Qc3 Kf6 45. Bxf4 gxf4 46. Bd3 Bd7 47.
Bc2 Bf5 48. Bb3 Qd6 49. Kf1 Bd3+ 50. Ke1 Bf5 51. Bd1 Qb6 52. Kf1 Be6 53. Be2
Bc4 54. Bxc4 bxc4 55. a4 Qa6 56. a5 Qb5 57. Ke2 Qa4 58. Kf2 Ke6 59. Ke2 1/2-1/2

[Event "Campeonato de Aragon por Equipos 2023 -"]
[Site "Aragon"]
[Date "2023.01.28"]
[Round "1.5"]
[White "Ramiro Ovejero, Juan Luis"]
[Black "Baron Rodriguez, Jesus"]
[Result "1-0"]
[WhiteElo "2298"]
[BlackElo "2406"]
[PlyCount "63"]
[EventDate "2023.01.28"]
[WhiteTeam "Jaime Casas"]
[BlackTeam "Iberajedrez Mundo 64"]

1. e4 e6 2. d3 d5 3. Qe2 Nf6 4. Nf3 Nc6 5. e5 Nd7 6. g3 Be7 7. Bg2 b5 8. O-O g5
9. c3 g4 10. Ne1 Ncxe5 11. d4 Nc4 12. Qxg4 c5 13. Nd3 cxd4 14. cxd4 Qb6 15. Nc3
Nf6 16. Qd1 b4 17. Ne2 Bd7 18. Bf4 Bb5 19. Re1 h5 20. b3 Nd6 21. Be5 h4 22. Nc5
Rd8 23. Bxf6 Bxf6 24. Nf4 hxg3 25. Nxd5 gxf2+ 26. Kxf2 Bh4+ 27. Kg1 Qb8 28. Qg4
Bxe1 29. Qg7 Rf8 30. Rxe1 Nf5 31. Nf6+ Ke7 32. Rxe6# 1-0

[Event "Campeonato de Aragon por Equipos 2023 -"]
[Site "Aragon"]
[Date "2023.01.28"]
[Round "1.6"]
[White "Moreno Gracia, Daniel"]
[Black "Newrkla, Katharina"]
[Result "0-1"]
[WhiteElo "2301"]
[BlackElo "2255"]
[PlyCount "82"]
[EventDate "2023.01.28"]
[WhiteTeam "Iberajedrez Mundo 64"]
[BlackTeam "Jaime Casas"]

1. c4 Nf6 2. Nc3 g6 3. g3 Bg7 4. Bg2 O-O 5. Nf3 c5 6. d4 d6 7. O-O Nc6 8. d5
Na5 9. Nd2 a6 10. Qc2 Rb8 11. b3 b5 12. Bb2 bxc4 13. bxc4 Bh6 14. f4 Ng4 15.
Nd1 Rxb2 16. Qxb2 Bg7 17. Qc1 e5 18. Rb1 exf4 19. Rxf4 Bh6 20. Qc3 Bxf4 21.
gxf4 Re8 22. e4 f5 23. h3 Nf6 24. e5 Nh5 25. e6 Nxf4 26. Bf1 Qg5+ 27. Kh2 Nxe6
28. dxe6 Nc6 29. Nf3 Qf4+ 30. Kg2 Nd4 31. Nxd4 Qe4+ 32. Nf3 Qxb1 33. Ne3 Rxe6
34. Nd5 Bb7 35. Bd3 Qxa2+ 36. Kg3 Bxd5 37. cxd5 Re3 38. Kf4 Qf2 39. Kg5 Rxf3
40. h4 Qg3+ 41. Kf6 Rxd3 0-1

[Event "Campeonato de Aragon por Equipos 2023 -"]
[Site "Aragon"]
[Date "2023.01.28"]
[Round "1.7"]
[White "Fontana Sotomayor, Luis Javier"]
[Black "Lopez Gracia, Fernando"]
[Result "0-1"]
[WhiteElo "2221"]
[BlackElo "2259"]
[PlyCount "96"]
[EventDate "2023.01.28"]
[WhiteTeam "Jaime Casas"]
[BlackTeam "Iberajedrez Mundo 64"]

1. Nc3 d5 2. e4 e6 3. f4 Nf6 4. e5 Nfd7 5. d4 c5 6. Nf3 Be7 7. Be3 b6 8. Be2
Nc6 9. O-O f5 10. exf6 Nxf6 11. Kh1 O-O 12. Ne5 Bb7 13. Bf3 a6 14. Ne2 Qc7 15.
c3 Bd6 16. Kg1 Rad8 17. Qe1 a5 18. Qh4 Ne7 19. g4 Ba6 20. Rfe1 Ne4 21. Bg2 a4
22. a3 Bxe5 23. fxe5 Ng6 24. Qh3 Bxe2 25. Rxe2 cxd4 26. cxd4 Nf4 27. Bxf4 Rxf4
28. Rf1 Rxf1+ 29. Bxf1 Qc1 30. Qe3 Rc8 31. Qxc1 Rxc1 32. Kg2 Rd1 33. Rc2 Rxd4
34. Bb5 Nc5 35. Kf3 g5 36. h4 h6 37. hxg5 hxg5 38. Re2 Rf4+ 39. Kg3 Kg7 40. Kh3
Rf3+ 41. Kg2 Rb3 42. Be8 Nd3 43. Bxa4 Rxb2 44. Rxb2 Nxb2 45. Bb5 Nc4 46. Bxc4
dxc4 47. Kf3 b5 48. Ke4 Kf7 0-1

[Event "Campeonato de Aragon por Equipos 2023 -"]
[Site "Aragon"]
[Date "2023.01.28"]
[Round "1.8"]
[White "Villalba Embid, Marcos"]
[Black "Roque Sola, Jose Luis"]
[Result "0-1"]
[WhiteElo "2125"]
[BlackElo "2217"]
[PlyCount "90"]
[EventDate "2023.01.28"]
[WhiteTeam "Iberajedrez Mundo 64"]
[BlackTeam "Jaime Casas"]

1. e4 c5 2. Nf3 Nc6 3. d4 cxd4 4. Nxd4 e5 5. Nb5 d6 6. N1c3 a6 7. Na3 Be6 8.
Nc4 Rb8 9. Nd5 Bxd5 10. exd5 Nce7 11. a4 Nf6 12. Ne3 g6 13. Be2 Bg7 14. O-O O-O
15. a5 Rc8 16. Ra4 Nd7 17. Nc4 Qc7 18. Be3 f5 19. f3 f4 20. Bf2 Nf5 21. c3 Nc5
22. Rb4 Rce8 23. Bd3 Bh6 24. Re1 Rf7 25. Be4 Ref8 26. Nxe5 dxe5 27. Rc4 Ne3 28.
Bxe3 fxe3 29. b4 Qd8 30. Rxc5 Bf4 31. g3 Qg5 32. Re2 Bxg3 33. hxg3 Rxf3 34.
Bxf3 Rxf3 35. Rg2 e2 36. Qe1 Qe3+ 37. Kh2 Rf1 38. Rc8+ Kg7 39. Rc7+ Kf6 40. g4
Qh6+ 41. Kg3 Qf4+ 42. Kh3 Rxe1 43. g5+ Qxg5 44. Rf2+ Qf5+ 45. Rxf5+ gxf5 0-1

[Event "Campeonato de Aragon por Equipos 2023 -"]
[Site "Aragon"]
[Date "2023.01.28"]
[Round "1.9"]
[White "Pellicer Cerezuela, Miguel"]
[Black "Cifuentes Parada, Roberto"]
[Result "1-0"]
[WhiteElo "2043"]
[BlackElo "2410"]
[PlyCount "111"]
[EventDate "2023.01.28"]
[WhiteTeam "L'Aurora Estadilla"]
[BlackTeam "Jaque - Aramovil"]

1. d4 Nf6 2. c4 d6 3. Nc3 e5 4. e3 c6 5. Nf3 e4 6. Nd2 d5 7. Be2 a6 8. O-O Bd6
9. f3 exf3 10. Bxf3 O-O 11. e4 dxe4 12. Ndxe4 Be7 13. Bf4 Nxe4 14. Nxe4 Bf5 15.
Qd2 Bxe4 16. Bxe4 Nd7 17. Rad1 Re8 18. Kh1 Nf8 19. d5 Bf6 20. Qc2 cxd5 21. Bxd5
Qe7 22. Qb3 Rad8 23. Qxb7 Qxb7 24. Bxb7 Ne6 25. Rxd8 Rxd8 26. Bc1 Bxb2 27. Bxb2
Rb8 28. Bxa6 Rxb2 29. a4 Nc5 30. Bb5 Ra2 31. Re1 g6 32. Kg1 Nxa4 33. Re8+ Kg7
34. Ra8 Nc3 35. Rxa2 Nxa2 36. c5 Nb4 37. c6 Nd5 38. Bc4 Nc7 39. Kf2 f5 40. Ke3
Kf6 41. Kd4 g5 42. Kc5 Ke5 43. Kb6 Ne8 44. Bf7 Nd6 45. c7 Nc8+ 46. Kc6 g4 47.
Bc4 f4 48. Be2 h5 49. Ba6 Ne7+ 50. Kd7 Nd5 51. c8=Q Nb6+ 52. Ke7 Nxc8+ 53. Bxc8
Ke4 54. Kf6 Ke3 55. Kg5 f3 56. g3 1-0

[Event "Campeonato de Aragon por Equipos 2023 -"]
[Site "Aragon"]
[Date "2023.01.28"]
[Round "1.10"]
[White "Escartin Lacasa, Jose"]
[Black "Pellicer Cemeli, Jose Luis"]
[Result "1-0"]
[WhiteElo "2284"]
[BlackElo "1955"]
[PlyCount "71"]
[EventDate "2023.01.28"]
[WhiteTeam "Jaque - Aramovil"]
[BlackTeam "L'Aurora Estadilla"]

1. d4 e6 2. Nf3 d5 3. g3 Nf6 4. Bg2 Be7 5. O-O b5 6. a4 b4 7. c3 bxc3 8. bxc3
Ba6 9. Ne5 Nfd7 10. Nd3 O-O 11. Ba3 Nb6 12. Bxe7 Qxe7 13. Nc5 Bc8 14. e4 c6 15.
Re1 Qd6 16. Nd2 Na6 17. Nd3 Bb7 18. Nf4 Nc7 19. Qg4 f5 20. exf5 exf5 21. Qh4
Rae8 22. Reb1 Ba6 23. Nf3 Ne6 24. Nxe6 Rxe6 25. Ne5 Nd7 26. Nxd7 Qxd7 27. Qf4
Qe7 28. h4 Bd3 29. Rd1 Bc2 30. Rdc1 Bd3 31. Kh2 Be4 32. Bf1 Rff6 33. f3 Bxf3
34. Qxf3 Re3 35. Qf4 Rh6 36. Rab1 1-0

[Event "Campeonato de Aragon por Equipos 2023 -"]
[Site "Aragon"]
[Date "2023.01.28"]
[Round "1.11"]
[White "Fuentes Espuna, Juan Antonio"]
[Black "Ereza Vizcarra, Fernando"]
[Result "0-1"]
[WhiteElo "1914"]
[BlackElo "2125"]
[PlyCount "68"]
[EventDate "2023.01.28"]
[WhiteTeam "L'Aurora Estadilla"]
[BlackTeam "Jaque - Aramovil"]

1. Nf3 d5 2. d4 Nf6 3. Bf4 c5 4. Nc3 Qb6 5. Rb1 Nc6 6. e3 cxd4 7. exd4 Bf5 8.
a3 e6 9. Be2 Be7 10. O-O O-O 11. b4 h6 12. Na4 Qd8 13. Nc5 b6 14. Nb3 Ne4 15.
Qe1 a5 16. b5 Na7 17. Ra1 Rc8 18. Bd3 Qe8 19. a4 Bb4 20. Qe3 Qe7 21. h3 Rc3 22.
g4 Bg6 23. Ne5 Bh7 24. Qe2 Kh8 25. f3 Nf6 26. Bd2 Bxd3 27. Nxd3 Rxc2 28. Nxb4
axb4 29. Rac1 Rfc8 30. Rxc2 Rxc2 31. Qd3 Qc7 32. Kg2 Qc4 33. Qe3 Qc3 34. Rb1
Qxe3 0-1

[Event "Campeonato de Aragon por Equipos 2023 -"]
[Site "Aragon"]
[Date "2023.01.28"]
[Round "1.12"]
[White "Torrente Gayarre, Lorenzo"]
[Black "Puertolas Serena, Arturo"]
[Result "1/2-1/2"]
[WhiteElo "1657"]
[BlackElo "1788"]
[PlyCount "113"]
[EventDate "2023.01.28"]
[WhiteTeam "Jaque - Aramovil"]
[BlackTeam "L'Aurora Estadilla"]

1. d4 d5 2. Nf3 Nf6 3. g3 c6 4. Bg2 Bg4 5. O-O e6 6. Nbd2 Nbd7 7. Re1 Qb6 8. c3
Bd6 9. Qb3 O-O 10. Qxb6 axb6 11. e4 dxe4 12. Nxe4 Nxe4 13. Rxe4 Bf5 14. Re1 b5
15. Ne5 Nxe5 16. dxe5 Bc5 17. Be3 Bxe3 18. Rxe3 Rfd8 19. Bf3 Rd2 20. Re2 Rd3
21. Kg2 Kf8 22. g4 Bg6 23. a3 Ra4 24. Ree1 Rf4 25. Re3 Rxe3 26. fxe3 Ra4 27.
Rd1 Ke7 28. Rd4 Ra8 29. g5 Bc2 30. Kf2 Rd8 31. Ke2 Bb3 32. Ke1 Bd5 33. Be2 Bb3
34. Rb4 Bc2 35. c4 b6 36. cxb5 c5 37. Rc4 Bd3 38. Rc3 Bxe2 39. Kxe2 Rd5 40. Rc4
Rxe5 41. h4 Rd5 42. Ra4 e5 43. Ra7+ Rd7 44. Rxd7+ Kxd7 45. Kd3 f5 46. gxf6 gxf6
47. e4 Ke6 48. a4 Kd6 49. h5 h6 50. b3 Ke6 51. Ke3 Kd6 52. Kd3 Ke6 53. Kc4 Kd6
54. Kd3 Ke6 55. Kc3 Kd7 56. Kd3 Kd6 57. Ke3 1/2-1/2

[Event "Campeonato de Aragon por Equipos 2023 -"]
[Site "Aragon"]
[Date "2023.01.28"]
[Round "1.13"]
[White "Ramon Perez, Jose Luis"]
[Black "Lana Rodriguez, David"]
[Result "0-1"]
[WhiteElo "2166"]
[BlackElo "2383"]
[PlyCount "114"]
[EventDate "2023.01.28"]
[WhiteTeam "Fraga"]
[BlackTeam "Teruel"]

1. e4 e6 2. d4 d5 3. e5 c5 4. c3 Qb6 5. Nf3 Bd7 6. Bd3 Bb5 7. dxc5 Bxc5 8. b4
Bxd3 9. Qxd3 Be7 10. O-O Nc6 11. Re1 a5 12. b5 Nb8 13. Be3 Bc5 14. Bxc5 Qxc5
15. Nbd2 Nd7 16. Nb3 Qb6 17. Rac1 a4 18. Nbd4 Ne7 19. Qe3 O-O 20. Qg5 Rfe8 21.
h4 h6 22. Qf4 Rac8 23. Re3 Ng6 24. Qg4 Qa7 25. Rce1 Qa5 26. h5 Ngf8 27. Rc1 f5
28. Qf4 Re7 29. g4 fxg4 30. Nh2 Nh7 31. Qxg4 Qb6 32. Rce1 Ng5 33. f4 Ne4 34.
Nhf3 Rxc3 35. Rxc3 Nxc3 36. Kh2 Ne4 37. Rg1 Nd2 38. Qh4 Rf7 39. Rg6 Nxf3+ 40.
Nxf3 Qe3 41. Qg4 Nc5 42. f5 Qe2+ 43. Kh3 Ne4 44. Qg2 Qxg2+ 45. Kxg2 Rxf5 46.
Nd4 Rg5+ 47. Kf1 Rxg6 48. hxg6 Nc5 49. Kf2 Kf8 50. Ke3 Ke7 51. Ne2 h5 52. Nf4
h4 53. Kf3 d4 54. Kg4 d3 55. Ng2 d2 56. Ne3 Nd3 57. Kxh4 Nb2 0-1

[Event "Campeonato de Aragon por Equipos 2023 -"]
[Site "Aragon"]
[Date "2023.01.28"]
[Round "1.14"]
[White "Moreno Martin-Viveros, Alvaro"]
[Black "Vallverdu Miret, Oscar"]
[Result "1-0"]
[WhiteElo "2151"]
[BlackElo "2086"]
[PlyCount "72"]
[EventDate "2023.01.28"]
[WhiteTeam "Teruel"]
[BlackTeam "Fraga"]

1. e4 e5 2. Nf3 Nf6 3. Nxe5 d6 4. Nd3 Nxe4 5. Qe2 Qe7 6. Nf4 Nc6 7. Nc3 Bf5 8.
d3 Nf6 9. Be3 O-O-O 10. h3 d5 11. d4 g6 12. O-O-O a6 13. Nd3 Bxd3 14. Qxd3 Ne4
15. f3 Nxc3 16. Qxc3 Re8 17. Bf2 Bh6+ 18. Kb1 Qf6 19. Qc5 Qd6 20. Qxd6 cxd6 21.
c4 Be3 22. Bg3 Kd7 23. Bh4 g5 24. Be1 dxc4 25. Bxc4 Bxd4 26. Bxf7 Re2 27. Rxd4
Rxe1+ 28. Rxe1 Nxd4 29. Re4 Nc6 30. h4 Ne5 31. Bd5 gxh4 32. Rxh4 Ng6 33. Rb4 b5
34. Bb7 Kc7 35. Bxa6 Kb6 36. a4 Kc5 1-0

[Event "Campeonato de Aragon por Equipos 2023 -"]
[Site "Aragon"]
[Date "2023.01.28"]
[Round "1.15"]
[White "Aribau Rivas, Miguel Angel"]
[Black "Dominguez Bujeda, Jesus"]
[Result "1/2-1/2"]
[WhiteElo "2036"]
[BlackElo "2064"]
[PlyCount "90"]
[EventDate "2023.01.28"]
[WhiteTeam "Fraga"]
[BlackTeam "Teruel"]

1. e4 c5 2. Nf3 g6 3. c3 d5 4. exd5 Qxd5 5. d4 Bg7 6. Be2 Nc6 7. dxc5 Qxc5 8.
Be3 Qa5 9. O-O Nh6 10. Na3 O-O 11. Qb3 Nf5 12. Bd2 Qc7 13. Nb5 Qb8 14. a4 Be6
15. Qc2 a6 16. Na3 Rc8 17. Qe4 Rd8 18. Bf4 Nd6 19. Qe3 Qa7 20. Qxa7 Nxa7 21.
Rfe1 Nc6 22. Be3 Bb3 23. Bd1 Bd5 24. h3 Re8 25. Be2 Na5 26. Nd2 Rac8 27. Bb6
Nb3 28. Nxb3 Bxb3 29. Bd1 Bd5 30. Bc2 e6 31. a5 Bc6 32. Rad1 Bf8 33. Rd2 Nf5
34. Red1 Nh4 35. f3 g5 36. Rd8 Rcxd8 37. Rxd8 Rxd8 38. Bxd8 Bxa3 39. bxa3 h6
40. Bf6 Nf5 41. Kf2 Nd6 42. Be7 Nc4 43. Bb4 f5 44. Bb3 Bd5 45. Bxc4 Bxc4
1/2-1/2

[Event "Campeonato de Aragon por Equipos 2023 -"]
[Site "Aragon"]
[Date "2023.01.28"]
[Round "1.16"]
[White "Martin Catalan, Juan Vicente"]
[Black "Agustin De Dios, Adrian"]
[Result "1-0"]
[WhiteElo "1939"]
[BlackElo "1698"]
[PlyCount "93"]
[EventDate "2023.01.28"]
[WhiteTeam "Teruel"]
[BlackTeam "Fraga"]

1. d4 Nf6 2. c4 g6 3. Nc3 d5 4. Bf4 Bg7 5. e3 c6 6. Nf3 a6 7. Be2 O-O 8. O-O
Re8 9. Qb3 e6 10. cxd5 exd5 11. Bxb8 Rxb8 12. Bxa6 Bg4 13. Be2 Bf8 14. Rfd1 Bd6
15. h3 Bf5 16. Bd3 Ne4 17. Bf1 Qf6 18. Nxe4 Bxe4 19. Nd2 Bf5 20. Bd3 Bd7 21.
Re1 Bc7 22. Qc2 Re7 23. Nf1 Rbe8 24. Re2 Bc8 25. b4 h5 26. a3 g5 27. f3 Qd6 28.
Bf5 Qf6 29. Bxc8 Rxc8 30. Rd1 Rce8 31. Qd3 Kg7 32. e4 dxe4 33. Rxe4 Bb6 34. Kh1
Rxe4 35. fxe4 Rd8 36. d5 h4 37. Ne3 Qf4 38. Ng4 Qd6 39. Qc3+ f6 40. e5 fxe5 41.
Nxe5 Qf6 42. d6 Bc7 43. Qe1 Bxd6 44. Ng4 Qf4 45. Qe6 Bc7 46. Qe7+ Kg6 47. Re1
1-0

[Event "Campeonato de Aragon por Equipos 2023 -"]
[Site "Aragon"]
[Date "2023.01.28"]
[Round "1.17"]
[White "Garza Marco, Sergio"]
[Black "Arrieta Restrepo, Steven"]
[Result "1-0"]
[WhiteElo "2397"]
[BlackElo "2039"]
[PlyCount "119"]
[EventDate "2023.01.28"]
[WhiteTeam "Helios"]
[BlackTeam "Monzon"]

1. e4 c5 2. Nf3 d6 3. Bb5+ Bd7 4. c4 a6 5. Bxd7+ Qxd7 6. O-O Nc6 7. d4 cxd4 8.
Nxd4 Nf6 9. Nc3 e6 10. Be3 Be7 11. Qe2 O-O 12. Rfd1 Nxd4 13. Rxd4 Qc6 14. Rad1
Rac8 15. Bg5 h6 16. Bh4 g5 17. Bg3 e5 18. Nd5 Nxd5 19. cxd5 Qc5 20. R4d3 Qc4
21. a3 Kg7 22. h3 f5 23. exf5 Rxf5 24. Qd2 Qa4 25. Rc1 Rxc1+ 26. Qxc1 Qb5 27.
Qc2 Rf7 28. Qd2 h5 29. f3 Bf6 30. Rc3 Re7 31. Bf2 Kg6 32. Qc2+ Kh6 33. Qf5 Rf7
34. Qe6 Qd7 35. Rd3 Kg6 36. g4 h4 37. Rd2 Kg7 38. Qxd7 Rxd7 39. Bb6 Re7 40. Re2
Kf7 41. Kf2 Kg6 42. Ke3 Rf7 43. Rc2 Bg7 44. Rc8 e4 45. Kxe4 Bxb2 46. Rg8+ Bg7
47. Be3 Re7+ 48. Kd3 Rf7 49. Ke4 Re7+ 50. Kd3 Rf7 51. Ke2 Re7 52. Rd8 Be5 53.
Kd3 Rf7 54. Rg8+ Bg7 55. Ke2 Re7 56. Kf2 Kh6 57. f4 Kh7 58. Rd8 gxf4 59. Bxf4
Bd4+ 60. Kf3 1-0

[Event "Campeonato de Aragon por Equipos 2023 -"]
[Site "Aragon"]
[Date "2023.01.28"]
[Round "1.18"]
[White "Rodriguez Aranda, Kevin"]
[Black "Navarro Alonso, Jorge"]
[Result "0-1"]
[WhiteElo "1791"]
[BlackElo "2186"]
[PlyCount "70"]
[EventDate "2023.01.28"]
[WhiteTeam "Monzon"]
[BlackTeam "Helios"]

1. e4 c5 2. Nf3 e6 3. d4 cxd4 4. Nxd4 Nc6 5. Be3 Nf6 6. Nc3 Bb4 7. Bd3 d5 8.
exd5 Nxd5 9. Nxc6 bxc6 10. Bd2 O-O 11. O-O Rb8 12. Qg4 f5 13. Qe2 Bd6 14. Nxd5
cxd5 15. Bc3 Qc7 16. Qh5 e5 17. g4 d4 18. gxf5 dxc3 19. bxc3 Qf7 20. Qf3 Bxf5
21. Bxf5 Qxf5 22. Qd5+ Kh8 23. Qxd6 Qg4+ 24. Kh1 Qf3+ 25. Kg1 Rb6 26. Qxe5 Rg6+
27. Qg3 Qxc3 28. Rac1 Rxg3+ 29. fxg3 Rxf1+ 30. Kxf1 Qc4+ 31. Ke1 Qxa2 32. c4
Qxh2 33. c5 Qxg3+ 34. Kd2 Qf4+ 35. Kc2 h5 0-1

[Event "Campeonato de Aragon por Equipos 2023 -"]
[Site "Aragon"]
[Date "2023.01.28"]
[Round "1.19"]
[White "Guzman Moneo, Alberto"]
[Black "Garreta Crespo, Blas"]
[Result "1-0"]
[WhiteElo "2146"]
[BlackElo "1758"]
[PlyCount "77"]
[EventDate "2023.01.28"]
[WhiteTeam "Helios"]
[BlackTeam "Monzon"]

1. e4 d6 2. d4 Nf6 3. Nc3 g6 4. Bg5 Nbd7 5. Qd2 c6 6. f4 Qa5 7. e5 dxe5 8. fxe5
Nd5 9. Bc4 N7b6 10. Bb3 h6 11. Ne4 Qxd2+ 12. Bxd2 Bf5 13. Ng3 Be6 14. N1e2 a5
15. a4 Nc7 16. Bxe6 Nxe6 17. Ne4 Nd5 18. c3 Bg7 19. Ra3 O-O 20. Rb3 Ra7 21. O-O
f6 22. exf6 Nxf6 23. N2g3 Nd5 24. Re1 b6 25. Nf2 Nef4 26. Re4 e5 27. dxe5 Raf7
28. Be1 Ne6 29. Nd3 h5 30. h4 Bh6 31. c4 Ne3 32. Bd2 Rf1+ 33. Nxf1 Rxf1+ 34.
Kh2 Bf4+ 35. Rxf4 Rxf4 36. Nxf4 Nf1+ 37. Kg1 Nxd2 38. Rd3 Nxf4 39. Rxd2 1-0

[Event "Campeonato de Aragon por Equipos 2023 -"]
[Site "Aragon"]
[Date "2023.01.28"]
[Round "1.20"]
[White "Buil Solana, Mario"]
[Black "Cerrajeria Ruiz, Jesus Maria"]
[Result "0-1"]
[WhiteElo "1747"]
[BlackElo "2064"]
[PlyCount "66"]
[EventDate "2023.01.28"]
[WhiteTeam "Monzon"]
[BlackTeam "Helios"]

1. d4 Nf6 2. Bg5 Ne4 3. Bf4 c5 4. f3 Nf6 5. e4 cxd4 6. Qxd4 Nc6 7. Qd2 d5 8.
Nc3 d4 9. Nce2 e5 10. Bg5 Be7 11. c3 O-O 12. O-O-O Be6 13. Kb1 Nxe4 14. fxe4
Bxg5 15. Qe1 Qa5 16. b3 Qa3 17. Nc1 dxc3 18. Qxc3 Nb4 19. Qb2 Qxb2+ 20. Kxb2
Rfc8 21. a3 Rc2+ 22. Kb1 Rac8 23. Bc4 Bxc4 24. bxc4 Bxc1 25. axb4 R2xc4 26. Nf3
Rxb4+ 27. Ka2 Ra4+ 28. Kb1 Be3 29. Rd3 Rxe4 30. Re1 Rb4+ 31. Ka1 Bd4+ 32. Nxd4
exd4 33. Re7 Kf8 0-1

[Event "Campeonato de Aragon por Equipos 2023 -"]
[Site "Aragon"]
[Date "2023.01.28"]
[Round "1.21"]
[White "Laliena Solanes, Luis"]
[Black "Llanes Luno, Ricardo"]
[Result "1-0"]
[WhiteElo "2196"]
[BlackElo "2164"]
[PlyCount "53"]
[EventDate "2023.01.28"]
[WhiteTeam "ONCE C. A. Aragon"]
[BlackTeam "Delicias"]

1. e4 c5 2. Nc3 Nc6 3. Nf3 e6 4. Bb5 Nd4 5. Bc4 Nf6 6. O-O d5 7. exd5 exd5 8.
Nxd4 cxd4 9. Re1+ Be7 10. Nxd5 Nxd5 11. Qh5 Be6 12. Rxe6 Nf4 13. Qb5+ Kf8 14.
Re4 g5 15. d3 h5 16. Bxf4 gxf4 17. Rxf4 f6 18. Qf5 Kg7 19. Qe6 Rf8 20. Re1 Bd6
21. Rh4 Qe8 22. Rxd4 Qxe6 23. Rxe6 Bc5 24. Rd7+ Kg6 25. d4 Bb6 26. Bd3+ Kh6 27.
h4 1-0

[Event "Campeonato de Aragon por Equipos 2023 -"]
[Site "Aragon"]
[Date "2023.01.28"]
[Round "1.22"]
[White "Llanes Luno, Pedro Alfredo"]
[Black "Gavin Roche, Enrique"]
[Result "1-0"]
[WhiteElo "2048"]
[BlackElo "2201"]
[PlyCount "101"]
[EventDate "2023.01.28"]
[WhiteTeam "Delicias"]
[BlackTeam "ONCE C. A. Aragon"]

1. e4 e6 2. d4 d5 3. Nc3 Bb4 4. e5 c5 5. a3 Bxc3+ 6. bxc3 Qa5 7. Bd2 Qa4 8. Qb1
c4 9. h4 Nc6 10. h5 h6 11. Nf3 Bd7 12. Be2 O-O-O 13. Nh4 Nge7 14. Rh3 g5 15.
hxg6 fxg6 16. Nf3 g5 17. Nh2 Nf5 18. Qb2 Rdf8 19. Ng4 b6 20. Nf6 Be8 21. O-O-O
Rxf6 22. exf6 Rf8 23. g4 Nh4 24. f4 Rxf6 25. fxg5 hxg5 26. Rf1 Rxf1+ 27. Bxf1
Ng6 28. Bxg5 e5 29. Be3 Qa5 30. Be2 exd4 31. cxd4 Qe1+ 32. Bd1 c3 33. Qb5 Bd7
34. Qxd5 Qf1 35. Rh7 Nge7 36. Qf7 Qa6 37. Qb3 Qf1 38. Qxc3 Nd5 39. Qd2 Bxg4 40.
Bg5 Bxd1 41. Qxd1 Qf5 42. Qh5 Qf1+ 43. Kb2 Qb5+ 44. Ka1 Qf1+ 45. Ka2 Qc4+ 46.
Kb1 Nc3+ 47. Kb2 Na4+ 48. Kc1 Qf1+ 49. Qd1 Qb5 50. Qg4+ Kb8 51. Bf4+ 1-0

[Event "Campeonato de Aragon por Equipos 2023 -"]
[Site "Aragon"]
[Date "2023.01.28"]
[Round "1.23"]
[White "Baigorri Navarro, Francisco Javier"]
[Black "Roche Simon, Manuel Angel"]
[Result "1/2-1/2"]
[WhiteElo "2158"]
[BlackElo "1985"]
[PlyCount "73"]
[EventDate "2023.01.28"]
[WhiteTeam "ONCE C. A. Aragon"]
[BlackTeam "Delicias"]

1. d4 d5 2. c4 e6 3. Nc3 Nf6 4. cxd5 exd5 5. Bg5 Be7 6. e3 h6 7. Bh4 Nbd7 8.
Bd3 c6 9. Qc2 Nh5 10. Bxe7 Qxe7 11. Nge2 Nhf6 12. O-O-O Nf8 13. h3 Ne6 14. Kb1
Bd7 15. g4 O-O-O 16. Ng3 g6 17. Rc1 Kb8 18. Ka1 h5 19. f3 Rde8 20. Qf2 hxg4 21.
hxg4 Ng5 22. Rxh8 Rxh8 23. Re1 Qd6 24. Rh1 Qf8 25. Qg2 Rxh1+ 26. Qxh1 Qe7 27.
Nf1 a6 28. Qh2+ Ka7 29. Qf4 Ne8 30. Qg3 Nd6 31. Kb1 f5 32. gxf5 gxf5 33. Qe5
Qe6 34. Qxe6 Bxe6 35. f4 Nge4 36. Kc2 b5 37. b3 1/2-1/2